Statistiken für Länder mit einer 'Reisewarnung' für Deutsche

Klicken Sie hier um das Quiz zu spielen!

Allgemein

  • Dieses Quiz wurde 97 mal gespielt
  • Das Durchschnittsergebnis liegt bei 10 aus 16

Antwortstatistiken

Länder% Korrekt
Syrien
89%
Iran
88%
Israel (und Palästina)
82%
Afghanistan
80%
Ukraine
75%
Sudan
72%
Jemen
60%
Somalia
60%
Südsudan
60%
Niger
57%
Libanon
50%
Libyen
47%
Belarus
43%
Zentralafrikanische Republik
38%
Myanmar
34%
Haiti
30%

Verteilung der Resultate

Perzentil nach korrekt beantworteten Fragen

Anzahl Personen mit jedem Resultat

Ihre Resultats-Entwicklung

Sie haben dieses Quiz noch nicht gespielt